000 00374pab a2200157 454500
008 180718b2004 xxu||||| |||| 00| 0 eng d
100 _aGarg, Priti
245 _aIn pursuit of making water everybody's concern
260 _c2004
300 _ap.1-9.
362 _aJul-Sep
650 _aWater resources
700 _aGarg, Renuka
773 _aNagarlok
909 _a63019
999 _c63019
_d63019